00489nam a2200157Ia 4500003000900000008004100009020001800050040001600068080001500084100002000099245011000119260003500229300001500264650004100279650001100320IN-BaIIA211028s9999 xx 000 0 eng d a0-12-160050-5 cIIA Library a535.8bCAR aCarlson, F Paul 0aIntroduction to applied optics for engineerscF Paul Carlson  aNew YorkbAcademic Pressc1977 axii, 277p. aAstronomy and astrophysics thesaurus aOptics